The hero with a thousand faces (Record no. 26112)
[ view plain ]
| 000 -LEADER | |
|---|---|
| fixed length control field | 01139nam a22001937a 4500 |
| 005 - DATE AND TIME OF LATEST TRANSACTION | |
| control field | 20260421171102.0 |
| 008 - FIXED-LENGTH DATA ELEMENTS--GENERAL INFORMATION | |
| fixed length control field | 260421b |||||||| |||| 00| 0 eng d |
| 020 ## - INTERNATIONAL STANDARD BOOK NUMBER | |
| International Standard Book Number | 0691017840 (pbk) |
| 040 ## - CATALOGING SOURCE | |
| Transcribing agency | UE-CL |
| 082 ## - DEWEY DECIMAL CLASSIFICATION NUMBER | |
| Classification number | 291.13 |
| Item number | C1521 |
| 100 ## - MAIN ENTRY--PERSONAL NAME | |
| Personal name | Campbell, Joseph |
| 245 ## - TITLE STATEMENT | |
| Title | The hero with a thousand faces |
| Statement of responsibility, etc | / Joseph Campbell |
| 260 ## - PUBLICATION, DISTRIBUTION, ETC. (IMPRINT) | |
| Place of publication, distribution, etc | New York: |
| Name of publisher, distributor, etc | Princeton University Press, |
| Date of publication, distribution, etc | 1949 |
| 300 ## - PHYSICAL DESCRIPTION | |
| Extent | 416 p. |
| 546 ## - LANGUAGE NOTE | |
| Language note | English |
| 650 ## - SUBJECT ADDED ENTRY--TOPICAL TERM | |
| Topical term or geographic name as entry element | Hero--Thousand--Faces |
| 942 ## - ADDED ENTRY ELEMENTS (KOHA) | |
| Koha item type | Books |
| 505 ## - FORMATTED CONTENTS NOTE | |
| Formatted contents note | ILLUSTRATIONS IN THE TEXT<br/><br/>LIST OF PLATES<br/><br/>PROLOGUE: THE MONOMYTE<br/><br/>1. Myth and Dream<br/><br/>2. Tragedy and Comedy<br/><br/>3. The Hero and the God<br/><br/>4. The World Navel<br/><br/>PART I: THE ADVENTURE OF THE HERO<br/><br/>CHAPTER I: DEPARTURE<br/><br/>1. The Call to Adventure<br/><br/>2. Refusal of the Call<br/><br/>3. Supernatural Aid<br/><br/>4. The Crossing of the First Threshold<br/><br/>5. The Belly of the Whale<br/><br/>CHAPTER II: INITIATION<br/><br/>1. The Road of Trials<br/><br/>2. The Meeting with the Goddess<br/><br/>3. Woman as the Temptress<br/><br/>4. Atonement with the Father<br/><br/>5. Apotheosis<br/><br/>6. The Ultimate Boon<br/><br/>CHAPTER III: RETURN<br/><br/>1. Refusal of the Return<br/><br/>2. Tae Magic Flight |
| Withdrawn status | Damaged status | Not for loan | Home library | Current library | Date acquired | Full call number | Barcode | Date last seen | Price effective from | Koha item type |
|---|---|---|---|---|---|---|---|---|---|---|
| Not For Loan | UE-Central Library | UE-Central Library | 21.04.2026 | 291.13 C1521 | T6111D | 21.04.2026 | 21.04.2026 | Books |
